000 00739nam a2200181 i 4500
001 54612
003 ES-MaACL
005 20230906163001.0
007 t|
008 960729s1880 ag ||||1| spa d
040 _aCAM
_bspa
_cCAM
100 1 _aFuente Ruiz, Francisco de la.
_952876
245 1 0 _aFacultad de las municipalidades como personas jurídicas para reclamar en juicio sus bienes
_b: defensa de la municipalidad de Moron /
_cpor el doctor Francisco de la Fuente Ruiz, en demanda contra el Poder Ejecutivo.
260 _aBuenos Aires :
_b[s.n.],
_c1880 (
_fImprenta de La Ondina)
300 _a16 p. ;
_c27 cm.
651 4 _aMorón (Argentina)-
_xAdministración.
_9166970
852 _aES-MaACL
_jT-505-F-1
_z.- Ded. ms. del autor
999 _c54612
_d54612